Normal view
MARC view
- KUESEL, R. THOMAS
Entry Personal Name
001 - CONTROL NUMBER
- control field: 89335
003 - CONTROL NUMBER IDENTIFIER
- control field: NUST
005 - DATE AND TIME OF LATEST TRANSACTION
- control field: 20220222101609.0
008 - FIXED-LENGTH DATA ELEMENTS
- fixed length control field: 220222|| aca||aabn | a|a d
040 ## - CATALOGING SOURCE
- Original cataloging agency: NUST
- Transcribing agency: NUST
100 ## - HEADING--PERSONAL NAME
- Personal name: KUESEL, R. THOMAS
670 ## - SOURCE DATA FOUND
- Source citation: Work cat.: (NUST): KUESEL, R. THOMAS., TUNNEL ENGNEERING HANDBOOK /, 1996.
